000 00524nam a2200193Ia 4500
005 20250326144313.0
008 250326s9999 xx 000 0 und d
037 _aTextbook
040 _aFMSL
_beng
_cFMSL
041 _aeng
_2eng
084 _aZ44181 P8
_qFMSL
100 _aKapoor G K
245 0 _aCorporate and allied laws
_cKapoor G K
260 _aNew Delhi
_bNew Delhi, Sultan Chand
_c2008
365 _b300
650 _aCorporate
_9468884
942 _cTB
_hZ44181 P8
999 _c1303225
_d1303225